<?xml version="1.0" encoding="UTF-8"?>
<record
    xmlns:xsi="http://www.w3.org/2001/XMLSchema-instance"
    xsi:schemaLocation="http://www.loc.gov/MARC21/slim http://www.loc.gov/standards/marcxml/schema/MARC21slim.xsd"
    xmlns="http://www.loc.gov/MARC21/slim">

  <leader>02176nam a2200217Ia 4500</leader>
  <controlfield tag="003">IT-RoPAU</controlfield>
  <controlfield tag="005">20220918175646.0</controlfield>
  <controlfield tag="008">120407s9999    xx            000 0 und d</controlfield>
  <datafield tag="040" ind1=" " ind2=" ">
    <subfield code="a">IT-RoPAU</subfield>
  </datafield>
  <datafield tag="040" ind1=" " ind2=" ">
    <subfield code="c">IT-RoPAU</subfield>
  </datafield>
  <datafield tag="041" ind1=" " ind2=" ">
    <subfield code="a">ita</subfield>
  </datafield>
  <datafield tag="100" ind1=" " ind2=" ">
    <subfield code="a">Pie Discepole del Divin Maestro</subfield>
    <subfield code="9">24412</subfield>
  </datafield>
  <datafield tag="245" ind1=" " ind2=" ">
    <subfield code="a">Divin Maestro. Pie Discepole del Divin Maestro dal 1981 al 1990</subfield>
  </datafield>
  <datafield tag="260" ind1=" " ind2=" ">
    <subfield code="a">Roma</subfield>
    <subfield code="b">PDDM</subfield>
    <subfield code="c">1990</subfield>
  </datafield>
  <datafield tag="300" ind1=" " ind2=" ">
    <subfield code="c">34,5 cm</subfield>
  </datafield>
  <datafield tag="490" ind1=" " ind2=" ">
    <subfield code="v">PDDM dal 1981 al 1990</subfield>
  </datafield>
  <datafield tag="500" ind1=" " ind2=" ">
    <subfield code="a">Ad uso manoscritto</subfield>
  </datafield>
  <datafield tag="520" ind1=" " ind2=" ">
    <subfield code="a">Indice generale

Anno 1981
N. 1 - Ottobre 1981
N. 2 - Novembre 1981
N. 3 - Dicembre 1981

Anno 1982
N. 4 - Gennaio 1982
N. 5 - Marzo 1982
N. 6 - Giugno 1982
N. 7 - Ottobre - 1982
N. 8 - Dicembre 1982

Anno 1983
N. 9 - Gennaio 1983
N. 10 - Febbraio 1983 
N. 11 - Marzo 1983
N. 12 - Aprile 1983
N. 13 - Maggio 1983
N. 14 - Giugno 1983
N. 15 - Luglio - Agosto 1983
N. 16 - Settembre 1983
N. 17 - Ottobre 1983
N. 18 - Novembre 1983

Anno 1984
N. 19 - Gennaio 1984
N. 20 - Febbraio 1984
N. 21 - Marzo 1984

Anno 1985

N. 22 - Gennaio - Febbraio 1985
N. 23 - Marzo - Aprile 1985
N. 24 - Maggio - Giugno 1985
N. 27 - Novembre - Dicembre 1985

Anno 1986
N. 28 - Gennaio - Febbraio 1986
N. 29 - Marzo - Aprile 1986
N. 30 - Maggio - Giugno 1986
N. 31 - Luglio - Agosto 1986
N. 32 - Settemmbre - Ottobre 1986
N. 33 - Novembre - Dicembre 1986

Anno 1987
N. 34  - Gennaio - Febbraio 1987
N. 35 - Marzo - Aprile 1987
N. 36 - Maggio - Giugno 1987
N. 37 - Luglio - Agosto
N. 38 - Settembre - Ottobre 1987
N. 39 - Novembre 1987
N. 40 - Dicembre 1987

Anno 1988
N. 41 - Gennaio - Febbraio 1988
N. 42 - Marzo - Aprile 1988
N. 43 - Maggio - Giugno 1988
N. 44 - Luglio - Agosto 1988
N. 45 - Settembre - Ottobre 1988
N. 46 - Novembre - Dicembre 1988

Anno 1989
N. 47 - Gennaio - Febbraio 1989
N. 48 - Marzo - Aprile 1989
N. 49 - Maggio - Giugno 1989
N. 50 - Luglio - Agosto 1989
N. 51 - Settembre - Ottobre 1989
N. 52 - Novembre - Dicembre 1989

Anno 1990
N. 53 - Gennaio - Febbraio 1990
N. 54 - Marzo - Aprile 1990
N. 55 - Maggio - Giugno 1990 
N. 56 - Luglio - Agosto 1990
N. 57 - Settembre - Ottobre 1990 
N. 58 - Novembre - Dicembre 1990


 
</subfield>
  </datafield>
  <datafield tag="942" ind1=" " ind2=" ">
    <subfield code="c">BK</subfield>
    <subfield code="2">ddc</subfield>
  </datafield>
  <datafield tag="999" ind1=" " ind2=" ">
    <subfield code="c">23779</subfield>
    <subfield code="d">23779</subfield>
  </datafield>
  <datafield tag="952" ind1=" " ind2=" ">
    <subfield code="0">0</subfield>
    <subfield code="1">0</subfield>
    <subfield code="2">ddc</subfield>
    <subfield code="4">0</subfield>
    <subfield code="6">P_D5</subfield>
    <subfield code="7">1</subfield>
    <subfield code="a">PAULUS</subfield>
    <subfield code="b">PAULUS</subfield>
    <subfield code="d">2012-04-11</subfield>
    <subfield code="l">0</subfield>
    <subfield code="o">P D5</subfield>
    <subfield code="r">2012-04-11 00:00:00</subfield>
    <subfield code="w">2012-04-11</subfield>
    <subfield code="y">BK</subfield>
  </datafield>
</record>
